000 00426nam a2200169Ia 4500
008 170705s9999 xx 000 0 und d
020 _a439491452
245 4 _aThe statue of liberty /
245 _cLucille Recht Penner ; illustrated by Jada Rowland.
260 _aNew York :
260 _bScholastic,
260 _c1995
300 _a32 pages :
300 _bcolor illustration ;
300 _c23cm.
500 _a250
999 _c336859
_d336859